00374nam a2200121Ia 4500008004100000020001800041041001200059100001700071245009800088260004600186300000800232650001200240221030s9999 xx 000 0 und d a9784924971370 aEnglish aE. Wakamatsu 0aToshihiko Izutsu & the Philosophy of Word : In Search of the Spritual Orientcby E. Wakamatsu bInternational House of JapanaJapanc2014 a457 aGeneral